Paesi Del Mondo In Ordine Alfabetico - Statistics

Statistiche generali
  • Questo quiz è stato fatto 2.044 volte
    1.695 dall'ultimo reset
  • Il punteggio medio è 92 su 196
Statistiche sulle risposte
Lettera Paese % Corretto
A Afghanistan
87%
A Albania
85%
A Andorra
76%
A Algeria
72%
A Azerbaijan
72%
A Armenia
70%
A Antigua e Barbuda
69%
A Australia
69%
A Angola
68%
A Austria
68%
H Haiti
67%
H Honduras
67%
O Oman
66%
Q Qatar
65%
A Argentina
64%
B Bahamas
64%
D Danimarca
64%
K Kazakistan
64%
Y Yemen
64%
Z Zambia
64%
F Finlandia
63%
F Francia
63%
Z Zimbabwe
63%
I Italia
61%
F Figi
59%
A Arabia Saudita
58%
B Burundi
58%
E Estonia
58%
V Venezuela
58%
B Barbados
57%
K Kenya
57%
K Kuwait
57%
B Bangladesh
56%
C Cambogia
56%
K Kirghizistan
56%
U Uzbekistan
56%
B Belgio
55%
D Dominica
55%
E Eritrea
55%
I Irlanda
55%
L Laos
55%
B Belize
54%
C Canada
54%
I India
54%
V Vanuatu
54%
B Bulgaria
53%
E Etiopia
53%
F Filippine
53%
I Indonesia
53%
I Islanda
53%
U Uganda
53%
B Bielorussia
52%
B Burkina Faso
52%
C Camerun
52%
G Gambia
52%
K Kosovo
52%
V Vietnam
52%
E Ecuador
51%
G Germania
51%
K Kiribati
51%
B Bolivia
50%
B Botswana
50%
B Brasile
50%
C Cina
50%
G Guinea
50%
G Guinea-Bissau
50%
L Lettonia
50%
R Ruanda
50%
B Benin
49%
E El Salvador
49%
G Gabon
49%
G Guinea Equatoriale
49%
I Isole Marshall
49%
U Uruguay
49%
B Brunei
48%
C Cile
48%
I Isole Salomone
48%
I Israele
48%
L Lituania
48%
P Pakistan
48%
B Bahrein
47%
B Bhutan
47%
B Bosnia ed Erzegovina
47%
C Colombia
47%
G Guyana
47%
I Iran
47%
I Iraq
47%
L Lussemburgo
47%
M Mali
47%
N Namibia
47%
N Nepal
47%
P Portogallo
47%
G Gibuti
46%
G Guatemala
46%
N Norvegia
46%
R Romania
46%
R Russia
46%
C Corea del Nord
45%
C Corea del Sud
45%
E Egitto
45%
E Emirati Arabi Uniti
45%
G Giappone
45%
L Libano
45%
L Liberia
45%
L Libia
45%
M Malesia
45%
P Palau
45%
P Polonia
45%
T Tuvalu
45%
U Ucraina
45%
C Ciad
44%
C Cipro
44%
C Comore
44%
C Costa Rica
44%
N Nauru
44%
T Turkmenistan
44%
C Croazia
43%
C Cuba
43%
G Ghana
43%
G Giamaica
43%
M Macedonia
43%
M Madagascar
43%
M Mauritania
43%
P Paraguay
43%
S Svezia
43%
S Swaziland
43%
T Turchia
43%
L Lesotho
42%
L Liechtenstein
42%
M Malawi
42%
M Marocco
42%
N Niger
42%
N Nigeria
42%
P Panama
42%
S Svizzera
42%
U Ungheria
42%
C Capo Verde
41%
C Costa d'Avorio
41%
G Georgia
41%
G Grenada
41%
M Messico
41%
M Mozambico
41%
N Nicaragua
41%
N Nuova Zelanda
41%
P Perù
41%
G Giordania
40%
M Mauritius
40%
R Repubblica Ceca
40%
M Maldive
39%
M Monaco
39%
R Repubblica del Congo
39%
C Città del Vaticano
38%
M Malta
38%
R Repubblica Dominicana
38%
T Tagikistan
38%
T Tanzania
38%
G Grecia
37%
M Montenegro
37%
R Repubblica Centrafricana
37%
S Sudan
37%
M Moldavia
36%
M Mongolia
36%
P Paesi Bassi
36%
P Papua Nuova Guinea
36%
R Repubblica Democratica del Congo
36%
S Saint Kitts e Nevis
36%
S Saint Vincent e Grenadine
36%
S San Marino
36%
S Samoa
35%
S Santa Lucia
35%
S Suriname
35%
T Tonga
35%
M Myanmar (o Birmania)
34%
R Regno Unito
34%
S Serbia
33%
S Slovenia
33%
S Spagna
33%
T Togo
33%
T Tunisia
33%
T Taiwan
32%
T Trinidad e Tobago
32%
S Slovacchia
31%
S Stati Uniti
31%
S Somalia
30%
T Thailandia
30%
S São Tomé e Principe
29%
S Senegal
29%
T Timor est
29%
S Sudafrica
28%
M Micronesia
27%
S Sudan del Sud
27%
S Singapore
26%
S Siria
26%
S Sri Lanka
26%
S Seychelles
25%
S Sierra Leone
23%
Nessun quiz corrispondente trovato
Distribuzione punteggi
Percentuale di utenti per punteggio
Percentile per numero di risposta
I tuoi punteggi nel tempo
Non hai fatto questo quiz dall'ultimo reset